Normal view
MARC view
- Gooch, G.P
Entry Personal Name
001 - CONTROL NUMBER
- control field: 50401
003 - CONTROL NUMBER IDENTIFIER
- control field: NUST
005 - DATE AND TIME OF LATEST TRANSACTION
- control field: 20210314134624.0
008 - FIXED-LENGTH DATA ELEMENTS
- fixed length control field: 210314|| aca||aabn | a|a d
040 ## - CATALOGING SOURCE
- Original cataloging agency: NUST
- Transcribing agency: NUST
100 ## - HEADING--PERSONAL NAME
- Personal name: Gooch, G.P
670 ## - SOURCE DATA FOUND
- Source citation: Work cat.: (NUST): Gooch, G.P., History of medern Europe 1878-1919, 1919
